Statistics for Chelsea FC Squad 2016-2017

Click here to take the quiz!

General Stats

  • This quiz has been taken 2,340 times
    (1,754 since last reset)
  • The average score is 19 of 26

Answer Stats

Nbr Post Nationality Player % Correct
10MFBelgiumEden Hazard
98%
7MFFranceN'Golo Kanté
93%
13GKBelgiumThibaut Courtois
92%
26DFEnglandJohn Terry
91%
22MFBrazilWillian
91%
19FWSpainDiego Costa
90%
24DFEnglandGary Cahill
90%
4MFSpainCesc Fabregas
89%
1GKBosniaAsmir Begovic
88%
3DFSpainMarcos Alonso
88%
-CoachItalyAntonio Conte
88%
11MFSpainPedro
87%
30DFBrazilDavid Luiz
87%
28DFSpainCesar Azpilicueta
86%
21MFSerbiaNemanja Matic
86%
15MFNigeriaVictor Moses
85%
5DFFranceKurt Zouma
81%
23FWBelgiumMichy Batshuayi
69%
6DFNetherlandsNathan Ake
66%
14MFEnglandRuben Loftus-Cheek
61%
16MFBrazilKenedy
47%
37GKPortugalEduardo
44%
29MFEnglandNathaniel Chalobah
40%
35MFBelgiumCharly Musonda
35%
41FWEnglandDominic Solanke
32%
34DFEnglandOla Aina
25%

Score Distribution

Percentile by Number Answered

Percent of People with Each Score

Your Score History

You have not taken this quiz since the last reset